Southeast Asia past and present (Registro nro. 63112)
[ vista simple ]
| 000 -ENCABEZADO | |
|---|---|
| Número de control [NR] | 02097nam a2200217Ia 4500 |
| 008 - DE LONGITUD FIJA DE DATOS DE ELEMENTOS - INFORMACIÓN GENERAL | |
| Elementos de longitud fija [NR] | 130821s2009 xxuab gr eng |
| 020 ## - NUMERO INTERNACIONAL NORMALIZADO PARA LIBROS [R] | |
| Número Internacional Normalizado del libro [NR] | 9780813344348 |
| 040 ## - FUENTE DE CATALOGACION [NR] | |
| Agencia de catalogación original [NR] | Co-BoUCM |
| Idioma de catalogación [NR] | spa |
| 041 00 - CODIGO DE IDIOMA [R] | |
| Código de idioma para texto/pista de sonido o título separado [R] | Inglés |
| 100 1# - ASIENTO PRINCIPAL--NOMBRE PERSONAL [NR] | |
| Nombre personal [NR] | SarDesai, D. R. |
| ID Autoridad | 165684 |
| 245 10 - MENCION DE TITULO [NR] | |
| Título [NR] | Southeast Asia past and present |
| Mención de responsabilidad, etc. [NR] | D.R. SarDesai |
| 250 ## - MENCION DE EDICION [NR] | |
| Mención de edición [NR] | 6th ed. |
| 260 ## - PUBLICACION, DISTRIBUCION, ETC. (PIE DE IMPRENTA) [R] | |
| Lugar de publicación, distribución, etc. [R] | Boulder (Colorado, Estados Unidos) |
| Nombre del editor, distribuidor, etc. [R] | Westview Press |
| Fecha de publicación, distribución, etc. [R] | 2009 |
| 300 ## - DESCRIPCION FISICA [R] | |
| Extensión [R] | 446 páginas |
| Otros detalles físicos [NR] | mapas |
| 504 ## - NOTA DE BIBLIOGRAFIA, ETC. [R] | |
| Nota de bibliografía, etc. [NR] | |
| 505 ## - NOTA DE CONTENIDO CON FORMATO PREESTABLECIDO [R] | |
| Nota de contenido con formato preestablecido [NR] | Cultural heritage. -- The land and its people. -- Early kingdoms in mainland Southeast Asia. -- Early kingdoms of Sumatra and Java. -- The rise of new states : Ayuthaya, Majapahit, and Malacca. -- European intrusion in the Indian archipelago : the early phase. -- Mainland Southeast Asia : the consolidations of Myanmar, Thailand, and Vietnam. -- Part Two : Colonial interlude. -- The English and Dutch in the East Indies. -- British role in the Malay States in the nineteenth century. -- Pride and paramountcy : Anglo-Burmese relations in the nineteenth century. -- The French in Vietnam and Cambodia. -- Thailand remains independent. -- Paert Three : Nationalist response. -- Nationalist movements in Southeast Asia : general. -- Filipino urge for freedom from Spanish and U.S. rule. -- The nationalist movements : Indonesia. -- The Nationalist movements : Myanmar. -- Thailand's constitutional revolution. -- The Nationalist movements : Vietnam. -- The nationalist movements : Malaya, Cambodia, and Laos. -- Part Four : Fruits of freedom. -- Independent Philippines. -- Myanmar : toward integration and democracy. -- Thailand : independence at any price. -- Indonesia : unity amid diversity. -- East Timor : birth of a nation. -- Malaysia, Singapore, and Brunei. -- Nationalism and communism in Vietnam, Cambodia, and Laos. -- Vietnam and Cambodia under communism. -- Tsunami, cyclone, and terrorism in Southeast Asia. |
| 650 04 - ASIENTO SECUNDARIO DE MATERIA - TERMINO TEMATICO [R] | |
| Término temático o nombre geográfico como elemento de entrada [NR] | Historia de Asia |
| 9 (RLIN) | 26507 |
| 651 #4 - ASIENTO SECUNDARIO DE MATERIA - NOMBRE GEOGRAFICO [R] | |
| Nombre geográfico [NR] | Asia |
| Subdivisión general [R] | Historia |
| 9 (RLIN) | 51665 |
| 942 ## - ELEMENTOS DE ENTRADA AGREGADOS (KOHA) | |
| Tipo de ítem principal el descrito en 300a | Libro |
| Tema principal | Historia |
| Edición | 6 |
| Parte restante de la signatura top. | S244s |
| Sistema de clasificación | DEWEY |
| Clasificación | 959 |
| Fecha de último préstamo | Total préstamos | Total Renewals | Signatura topográfica | Código de barras | Última vez visto | Volúmen / Fascículo | Ejemplar | Price effective from | Tipo de ítem | Perdido | Sistema de clasificación | Dañado | No prestable | Tipo de ítem específico | Suprimido | Ubicación habitual | Ubicación actual | Localización | Fecha de creación | Forma de adquisición | Costo |
|---|---|---|---|---|---|---|---|---|---|---|---|---|---|---|---|---|---|---|---|---|---|
| 06/10/2014 | 51 | 6 | 959 S244s | 100101719 | 10/12/2025 | 6a. Ed. | Ej.1 | 03/02/2013 | Libro | DEWEY | Libro | Claustro | Claustro | 2do piso | 30/09/2009 | Compra | 79887.00 |